<?xml version="1.0" encoding="UTF-8"?>
<record
    xmlns:xsi="http://www.w3.org/2001/XMLSchema-instance"
    xsi:schemaLocation="http://www.loc.gov/MARC21/slim http://www.loc.gov/standards/marcxml/schema/MARC21slim.xsd"
    xmlns="http://www.loc.gov/MARC21/slim">

  <leader>00637nam a22001937a 4500</leader>
  <datafield tag="999" ind1=" " ind2=" ">
    <subfield code="c">7285</subfield>
    <subfield code="d">7285</subfield>
  </datafield>
  <controlfield tag="003">OSt</controlfield>
  <controlfield tag="005">20200109171913.0</controlfield>
  <controlfield tag="008">200109e2019    sp df  f      001 0dspa d</controlfield>
  <datafield tag="017" ind1=" " ind2=" ">
    <subfield code="a">DL M 11839-2019</subfield>
    <subfield code="b">Oficina DL Madrid</subfield>
  </datafield>
  <datafield tag="020" ind1=" " ind2=" ">
    <subfield code="a">9788441541467</subfield>
  </datafield>
  <datafield tag="040" ind1=" " ind2=" ">
    <subfield code="a">ES-BaUPC</subfield>
    <subfield code="b">cat</subfield>
    <subfield code="c">CDMR</subfield>
  </datafield>
  <datafield tag="100" ind1="1" ind2=" ">
    <subfield code="a">Ruiz D&#xED;ez, Joseba,</subfield>
  </datafield>
  <datafield tag="245" ind1="1" ind2="0">
    <subfield code="a">Marketing digital 360&#xBA; </subfield>
    <subfield code="b">: implementaci&#xF3;n pr&#xE1;ctica : estrategias habituales y configuraciones avanzadas /</subfield>
    <subfield code="c">Joseba Ruiz D&#xED;ez </subfield>
  </datafield>
  <datafield tag="260" ind1=" " ind2=" ">
    <subfield code="a">Madrid :</subfield>
    <subfield code="b">Anaya Multimedia ,</subfield>
    <subfield code="c">2019</subfield>
  </datafield>
  <datafield tag="300" ind1=" " ind2=" ">
    <subfield code="a">295 p. :</subfield>
    <subfield code="b">il ;</subfield>
    <subfield code="c">23 cm</subfield>
  </datafield>
  <datafield tag="504" ind1=" " ind2=" ">
    <subfield code="a">Bibliografia. &#xCD;ndex</subfield>
  </datafield>
  <datafield tag="650" ind1=" " ind2="0">
    <subfield code="a">M&#xE0;rqueting digital</subfield>
    <subfield code="9">4161</subfield>
  </datafield>
  <datafield tag="942" ind1=" " ind2=" ">
    <subfield code="c">MON</subfield>
  </datafield>
  <datafield tag="952" ind1=" " ind2=" ">
    <subfield code="0">0</subfield>
    <subfield code="1">0</subfield>
    <subfield code="4">0</subfield>
    <subfield code="7">0</subfield>
    <subfield code="a">CDMR</subfield>
    <subfield code="b">CDMR</subfield>
    <subfield code="d">2020-01-09</subfield>
    <subfield code="e">Intercanvi</subfield>
    <subfield code="g">22.50</subfield>
    <subfield code="l">4</subfield>
    <subfield code="m">3</subfield>
    <subfield code="o">Cq /31</subfield>
    <subfield code="p">CDMR20010006</subfield>
    <subfield code="r">2021-04-13</subfield>
    <subfield code="s">2020-08-03</subfield>
    <subfield code="v">22.50</subfield>
    <subfield code="w">2020-01-09</subfield>
    <subfield code="y">MON</subfield>
  </datafield>
</record>
